00832nam a22002177a 450000500170000001000110001702000100002803500110003803700160004904000120006508200160007710000240009324501730011726000520029030000210034265000560036365000220041994200250044199900190046695201290048520170124110217.0 a646429 c00.00 a646429 bCen Lib/Ret aDPLbEN a220.24bANN aAnnie Besant939194 aThe wisdom of the Upanishats :cby Annie Besantbfour lectures delivered at the thirty-first anniversary meeting of the Theosophical Society, at Adyar, December, 1906 / aBenares bTheosophical Publishing Societyc1907 a103p. c18cm(Hb) aUpanishads -- Criticism, interpretation, etc939195 aUpanishads939196 2ddccENh220.24mANN c133891d133891 001040718REFaLbLd2015-07-28eCen Lib/Ret g0.00l0o220.24 ANNp646429r2015-07-28 00:00:00t1v0.00w2015-07-28yEN